00484nam a22001097a 4500020001900000040000900019082001600028245020100044942001200245999001900257952009800276 a978-3030636289 cNUST a691.23bDAV aOptimization of the Characterization of the Thermal Properties of the Building Envelope Analysis of the Characterization of the Façades using Artificial IntelligencebBy David Bienvenido-Huertas 2ddccBK c616347d616347 00102ddc4070aNITbNITd2026-02-23l0o691.23 / DAVpNIT-13799r2026-02-23w2026-02-23yBK